00586cam a2200193 a 450000500170000000800410001701000140005802000250007203500130009703700150011004000180012508200110014310000190015424500620017325000120023526000400024727000800028730000250036720060810180325.0051110s2005 ii a b f100 0 eng  aENG-92917 a9788186689141c75.00 aEN-76450 bDBAD / PUB adplbEnglish  a709.54 aThenmozhi, M.  aArt and architecture of Ancient India /cby M. Thenmozhi  a2nd ed  aChennai bShantha Publishers c2008 aMuthu Vizha Illam, 13/5, Sripuram II Street, Royapettah, bChennai e600014 a117 p. c23cm (pbk)